[Event "Brno Olexa mem."]
[Site "?"]
[Date "2022.12.29"]
[Round "6"]
[White "Divis, Jan"]
[Black "Nisztuk, Michal"]
[Result "0-1"]
[WhiteElo "1585"]
[BlackElo "1435"]
[PlyCount "118"]
[EventDate "2022.12.??"]

1. d4 d5 2. Bf4 c5 3. e3 Nc6 4. c3 Nf6 5. Nd2 e6 6. Ngf3 cxd4 7. exd4 Bd6 8.
Bg3 O-O 9. Bd3 Re8 10. O-O e5 11. dxe5 Nxe5 12. Nxe5 Bxe5 13. Bxe5 Rxe5 14. Nf3
Re7 15. Qc2 Bg4 16. Nd4 Qb6 17. h3 Bd7 18. Rfe1 Rae8 19. Rxe7 Rxe7 20. Kf1 g6
21. Re1 Rxe1+ 22. Kxe1 Qd6 23. Qe2 Nh5 24. Qe3 a6 25. Nf3 Nf4 26. Bf1 Bb5 27.
g3 Bxf1 28. Kxf1 Ne6 29. h4 Nc5 30. Qe8+ Qf8 31. Qe3 Ne4 32. c4 Qd6 33. cxd5
Qxd5 34. Kg1 Nf6 35. Ng5 Qxa2 36. Qc3 Qb1+ 37. Kg2 Qf5 38. Qc7 Qd5+ 39. Kg1 h6
40. Nh3 Qd7 41. Qxd7 Nxd7 42. Nf4 Kg7 43. Kf1 Kf6 44. Ke2 Ke5 45. Kd3 Nc5+ 46.
Ke3 b5 47. Ne2 Kd5 48. g4 Kc4 49. Kd2 Kb3 50. Kc1 Nd3+ 51. Kb1 Nxb2 52. Nd4+
Kc4 53. Nf3 Nd3 54. g5 hxg5 55. hxg5 a5 56. Nd2+ Kb4 57. f3 a4 58. Kc2 Nc5 59.
Nb1 a3 0-1

[Event "Brno Olexa mem."]
[Site "?"]
[Date "2022.12.29"]
[Round "6"]
[White "Hayrumyan, Artur"]
[Black "Licka, Vlastimil"]
[Result "0-1"]
[WhiteElo "1538"]
[BlackElo "1853"]
[PlyCount "86"]
[EventDate "2022.12.??"]

1. d4 Nf6 2. Bf4 g6 3. Nd2 Bg7 4. e3 d6 5. Bd3 O-O 6. c3 c5 7. Ngf3 cxd4 8.
cxd4 Nh5 9. Bg3 Nxg3 10. fxg3 Nc6 11. a3 d5 12. h3 Qd6 13. Kf2 e5 14. dxe5 Nxe5
15. Bc2 Nxf3 16. Kxf3 Bxb2 17. Ra2 Bxa3 18. g4 b6 19. Ke2 Ba6+ 20. Kf2 Bb7 21.
Nf3 Bc5 22. h4 Rfe8 23. Re1 a5 24. Bb1 Qe6 25. Kg3 Bd6+ 26. Kh3 h5 27. Ra4 Bc8
28. Nh2 Bb4 29. Re2 hxg4+ 30. Kg3 Bd6+ 31. Kf2 g3+ 32. Kg1 gxh2+ 33. Kh1 b5 34.
Raa2 Qe5 35. Rf2 Bc5 36. Qf1 Be6 37. Rf4 Bxe3 38. Rf3 d4 39. Re2 Bc4 40. Bxg6
fxg6 41. Rf6 Re6 42. Rxe6 Qxe6 43. Qf3 Rf8 0-1

[Event "Brno Olexa mem."]
[Site "?"]
[Date "2022.12.30"]
[Round "7"]
[White "Nisztuk, Michal"]
[Black "Ibrahim, Emad Eldin"]
[Result "0-1"]
[WhiteElo "1435"]
[BlackElo "2003"]
[PlyCount "68"]
[EventDate "2022.12.??"]

1. e4 c5 2. f4 d5 3. e5 Nc6 4. c3 Qb6 5. Nf3 Bg4 6. Be2 e6 7. O-O h5 8. Kh1
Nge7 9. Na3 Nf5 10. Qb3 c4 11. Qxb6 axb6 12. Nb5 Kd7 13. d3 h4 14. dxc4 Bxf3
15. Rxf3 Bc5 16. Rh3 dxc4 17. Bxc4 Ke7 18. b4 Rad8 19. Ba3 Bf2 20. Nd6 Ra8 21.
Nxf5+ exf5 22. Bb2 Rhd8 23. Bd3 b5 24. a3 Bg3 25. hxg3 Rxd3 26. g4 Rd2 27. Bc1
Rd1+ 28. Kh2 fxg4 29. Rxh4 Ke6 30. Rxg4 Ne7 31. Kg3 Nf5+ 32. Kf3 Rd3+ 33. Ke4
Rxc3 34. Rg5 Rac8 0-1

[Event "Brno Olexa mem."]
[Site "?"]
[Date "2022.12.30"]
[Round "7"]
[White "Doskar, Miloslav"]
[Black "Wuensch, Radek"]
[Result "0-1"]
[WhiteElo "1593"]
[BlackElo "1978"]
[PlyCount "58"]
[EventDate "2022.12.??"]

1. e4 Nc6 2. Nf3 e5 3. d4 exd4 4. Nxd4 Nf6 5. Nxc6 bxc6 6. Bd3 d5 7. Qe2 Be7 8.
Bg5 O-O 9. O-O dxe4 10. Bc4 Nd5 11. Bxe7 Qxe7 12. Re1 Re8 13. Nd2 Bf5 14. Bb3
Qg5 15. Nf3 Qf6 16. c3 Bg4 17. h3 Nf4 18. Qe3 Nxh3+ 19. Kf1 Bxf3 20. gxf3 Ng5
21. Bd1 Nxf3 22. Bxf3 Qxf3 23. Qxf3 exf3 24. Re3 Rxe3 25. fxe3 Rd8 26. Kf2 Rd2+
27. Kxf3 Rxb2 28. Rd1 Kf8 29. Rd7 Rb7 0-1

[Event "Brno Olexa mem."]
[Site "?"]
[Date "2022.12.30"]
[Round "7"]
[White "Neduchal, Jiri"]
[Black "Veznik, Michael"]
[Result "1/2-1/2"]
[WhiteElo "1753"]
[BlackElo "1790"]
[PlyCount "67"]
[EventDate "2022.12.??"]

{[%evp 0,67,19,31,27,29,55,49,34,32,32,31,56,41,27,10,71,13,11,8,9,-4,13,-9,11,
-7,3,0,43,18,77,24,102,28,58,10,28,31,28,24,14,25,21,-10,19,7,29,19,26,45,57,
57,39,54,145,136,158,158,171,148,148,-21,-15,-17,-17,-17,-18,-20,0,0]} 1. d4
Nf6 2. Nf3 b6 3. Bf4 Bb7 4. e3 e6 5. Bd3 c5 6. c3 d5 7. Nbd2 Be7 8. h3 Nbd7 9.
O-O O-O 10. Ne5 h6 11. Qe2 a6 12. Bh2 Nxe5 13. Bxe5 Ne4 14. Rad1 f5 15. Qh5 c4
16. Qg6 Bf6 17. Be2 Bc6 18. Nxe4 fxe4 19. Qg3 Bxe5 20. Qxe5 Qe7 21. Qg3 Rf6 22.
f3 Ba4 23. Rc1 exf3 24. Rxf3 Raf8 25. Rxf6 Qxf6 26. Rf1 {(R)} Qd8 27. Rxf8+
Kxf8 28. Bg4 Kf7 29. Qf4+ Qf6 30. Qxf6+ gxf6 31. Bh5+ Ke7 32. Kf2 Bc2 33. Kg3
a5 34. a3 {(R)} 1/2-1/2

[Event "Brno Olexa mem."]
[Site "?"]
[Date "2022.12.30"]
[Round "7"]
[White "Licka, Vlastimil"]
[Black "Martikanova, Amalie"]
[Result "1-0"]
[WhiteElo "1853"]
[BlackElo "1177"]
[PlyCount "127"]
[EventDate "2022.12.??"]

1. e4 e5 2. Nf3 Nc6 3. Bb5 Bc5 4. c3 d6 5. h3 Nf6 6. O-O O-O 7. Re1 Be6 8. d4
exd4 9. cxd4 Bb4 10. Bd2 Bxd2 11. Nbxd2 Bd7 12. Rc1 Qc8 13. Nf1 Bxh3 14. gxh3
Qxh3 15. N1h2 a6 16. Bf1 Qh5 17. Bg2 Rae8 18. d5 Ne5 19. Nxe5 Qxe5 20. Qd2 Qh5
21. Rc3 c5 22. Rh3 Qg6 23. Rg3 Qh5 24. Ree3 Qh6 25. Rh3 Qg5 26. Qe2 Qg6 27.
Reg3 Rxe4 28. Bxe4 Qxe4 29. Qxe4 Nxe4 30. Re3 Ng5 31. Rhg3 f6 32. Re7 b5 33. f4
Nf7 34. Ng4 Kh8 35. Ra3 f5 36. Ne3 Nh6 37. Rxa6 Ng4 38. Nxf5 Rg8 39. Nxd6 g5
40. Raa7 Nf6 41. Nf7+ Kg7 42. Nxg5+ Kg6 43. Nxh7 Kf5+ 44. Rg7 Rxg7+ 45. Rxg7
Nxd5 46. Rf7+ Ke4 47. Nf6+ Nxf6 48. Rxf6 c4 49. Rf8 b4 50. f5 c3 51. bxc3 bxc3
52. f6 c2 53. Rc8 Kd3 54. Rxc2 Kxc2 55. f7 Kc1 56. f8=Q Kd1 57. Qf2 Kc1 58. Qe2
Kb1 59. Qd2 Ka1 60. Kf2 Kb1 61. Ke3 Ka1 62. Kd3 Kb1 63. Kc3 Ka1 64. Qb2# 1-0